000 00693nam a2200289Ia 4500
005 20260324145226.0
008 008 260324s9999 xx 000 0 eng d
020 _a9780429045424
037 _aEBOOK
040 _aCRL
040 _beng
040 _cCRL
041 _2eng
041 _aeng
084 _qCRL
100 _aBruce W. Watson
_91222182
245 0 _aMilitary Lessons Of The Falkland Islands War
245 0 _bViews From The United States
260 _bTaylor and Francis
260 _c1984
365 _a
365 _b220
856 _uhttp://www.taylorfrancis.com/books/9780429045424
942 _cEBOOK
999 _c1829815
_d1829815